The secret room

Bibliographic Details
Format: Book

MARC

LEADER 00000cam a2200000 7i4500
001 0000009172
002 000009989
005 20000330.0
020 |a 9679483371 
090 0 0 |a JF   |b SAR 
245 1 4 |a The secret room 
999 |a 028627   |b BUKU   |c PINJAMAN   |e PERPUSTAKAAN KOMUNITI PETALING JAYA